ბათუმის შოთა რუსთაველის სახელმწიფო უნივერსიტეტის ბიბლიოთეკა

მოამბე. ტ. 1; აკად. ნ. მარის სახელობის ენის, ისტორიისა და მატერიალური კულტურის ინსტიტუტი (ბიბ.ჩანაწერი № 51114)

000 -LEADER
fixed length control field 01507nam a2200241Ia 4500
001 - CONTROL NUMBER
control field 18071
003 - CONTROL NUMBER IDENTIFIER
control field GE_BSU
008 - FIXED-LENGTH DATA ELEMENTS--GENERAL INFORMATION
fixed length control field 181216s||||||||xx |||||||||||||| ||und||
040 ## - CATALOGING SOURCE
Transcribing agency GE_BSU
080 ## - UNIVERSAL DECIMAL CLASSIFICATION NUMBER
Universal Decimal Classification number 811.353.1(058)
245 ## - TITLE STATEMENT
Title მოამბე. ტ. 1; აკად. ნ. მარის სახელობის ენის, ისტორიისა და მატერიალური კულტურის ინსტიტუტი
245 ## - TITLE STATEMENT
Remainder of title Известия Института языка, истории и материальной культуры им. акад. Н.Я.Марра;
245 ## - TITLE STATEMENT
Statement of responsibility, etc. რედაქტორი სიმონ ჯანაშია.
250 ## - EDITION STATEMENT
Edition statement სსრკ მეცნიერებათა აკადემიის საქართველოს ფილიალი
260 ## - PUBLICATION, DISTRIBUTION, ETC.
Place of publication, distribution, etc. ტფილისი
260 ## - PUBLICATION, DISTRIBUTION, ETC.
Name of publisher, distributor, etc. სსრკ მეცნიერებათა აკადემიის საქართველოს ფილიალი
260 ## - PUBLICATION, DISTRIBUTION, ETC.
Date of publication, distribution, etc. 1937
300 ## - PHYSICAL DESCRIPTION
Extent 316 გვ.25სმ.
653 ## - INDEX TERM--UNCONTROLLED
Uncontrolled term Известия Института языка, истории и материальной культуры им. акад. Н.Я.Марра
653 ## - INDEX TERM--UNCONTROLLED
Uncontrolled term აკად. ნ. მარის სახელობის ენის, ისტორიისა და მატერიალური კულტურის ინსტიტუტი
653 ## - INDEX TERM--UNCONTROLLED
Uncontrolled term მოამბე.
942 ## - ADDED ENTRY ELEMENTS (KOHA)
Koha item type წიგნი
ეგზემპლარები
Withdrawn status Lost status Damaged status Not for loan Date acquired Barcode Date last seen Price effective from Koha item type
        2018-12-17 46066 2018-12-17 2018-12-17 წიგნი